Midrasch Tanḥuma B: R. Tanḥuma über die Tora, genannt Midrasch Jelammedenu

Gespeichert in:  
Bibliographische Detailangaben
Beteiligte: Bietenhard, Hans 1916-2008 (Herausgegeben von)
Medienart: Druck Buch
Sprache:Deutsch
Subito Bestelldienst: Jetzt bestellen.
Verfügbarkeit prüfen: HBZ Gateway
Fernleihe:Fernleihe für die Fachinformationsdienste
Veröffentlicht: Bern Frankfurt am Main LasVegas Lang 19XX-
In:Jahr: 1980
Bände / Aufsätze:Bände / Aufsätze anzeigen.
Schriftenreihe/Zeitschrift:Judaica et Christiana ...
weitere Schlagwörter:B Midrasch
B Juden / N.a. Religion

MARC

LEADER 00000cam a2200000 ca4500
001 1095431757
003 DE-627
005 20220610113043.0
007 tu
008 910827n19uuuuuuxx ||||| 00| ||ger c
015 |a 81,N48,0009  |2 dnb 
015 |a 82,A18,0202  |2 dnb 
016 7 |a 811051625  |2 DE-101 
035 |a (DE-627)1095431757 
035 |a (DE-576)025431757 
035 |a (DE-599)DNB811051625 
040 |a DE-627  |b ger  |c DE-627  |e rakwb 
041 |a ger 
084 |a 1  |2 ssgn 
190 |j 1980 
245 0 0 |a Midrasch Tanḥuma B  |b R. Tanḥuma über die Tora, genannt Midrasch Jelammedenu  |c Hans Bietenhard 
264 1 |a Bern  |a Frankfurt am Main  |a LasVegas  |b Lang  |c 19XX- 
336 |a Text  |b txt  |2 rdacontent 
337 |a ohne Hilfsmittel zu benutzen  |b n  |2 rdamedia 
338 |a Band  |b nc  |2 rdacarrier 
490 0 |a Judaica et Christiana  |v ... 
601 |a Midrasch 
650 4 |a Midrasch 
650 4 |a Juden / N.a. Religion 
700 1 |e Hrsg.  |0 (DE-588)1026775418  |0 (DE-627)727377345  |0 (DE-576)372100783  |4 edt  |a Bietenhard, Hans  |d 1916-2008 
730 0 2 |a Midrāš Tanḥūmā B <dt.> 
935 |a mteo 
951 |a MC 
BIB |a 1 
ELC |b 1 
ITA |a 1  |t 1 
LOK |0 000 xxxxxcx a22 zn 4500 
LOK |0 001 2170734899 
LOK |0 003 DE-627 
LOK |0 004 1095431757 
LOK |0 005 19991105000000 
LOK |0 008 991105||||||||||||||||ger||||||| 
LOK |0 040   |a DE-21  |c DE-627  |d DE-21 
LOK |0 852   |a DE-21 
LOK |0 852 1  |9 00 
LOK |0 935   |a konv 
LOK |0 939   |a 05-11-99  |b l01 
LOK |0 000 xxxxxcx a22 zn 4500 
LOK |0 001 2170734902 
LOK |0 003 DE-627 
LOK |0 004 1095431757 
LOK |0 005 20001206000000 
LOK |0 008 001206||||||||||||||||ger||||||| 
LOK |0 040   |a DE-21-31  |c DE-627  |d DE-21-31 
LOK |0 852   |a DE-21-31 
LOK |0 852 1  |c Ra VIII b 140A  |m p  |9 00 
LOK |0 938   |k p 
LOK |0 939   |a 06-12-00  |b l01 
ORI |a SA-MARC-ixtheoa001.raw 
SPR |a 1  |t BIB  |t IXT 
STA 0 0 |a Midrash,Midraš 
STB 0 0 |a Midrash 
STC 0 0 |a Midrash 
STD 0 0 |a Midrash 
STE 0 0 |a 米德拉什,密德拉西,米德拉西 
STF 0 0 |a 米德拉什,密德拉西,米德拉西 
STG 0 0 |a Midrash 
STH 0 0 |a Мидраш 
STI 0 0 |a Μιντράς 
SUB |a BIB 
SYE 0 0 |a Midraš,Midrash